[Event "Challenge"]
[Site "http://www.queenalice.com/game.php?id=562376"]
[Date "2009.3.27"]
[Round "-"]
[White "naugard12"]
[Black "kaktusIII"]
[Result "0-1"]
[WhiteElo "1508"]
[BlackElo "1519"]

1. e4 e5 2. d4 exd4 3. Qxd4 Nc6 4. Qa4 a6 5. c3 b5 6. Qd1 Bc5 7. g3 d6 8. Nf3 h6
9. Be2 Bh3 10. Nh4 Nf6 11. Bf3 Ne5 12. Qe2 Qd7 13. Nd2 a5 14. b3 Be6 15. O-O d5
16. Bb2 Ra6 17. Rfd1 Rd6 18. Bg2 O-O 19. h3 Bxh3 20. Ndf3 Re8 21. a4 Bxg2 22.
Kxg2 dxe4 23. Nxe5 Rxe5 24. c4 Bd4 25. axb5 Bxb2 26. Rxd6 Qxd6 27. Qxb2 Ng4 28.
Re1 g5 29. f3 exf3+ 30. Nxf3 Rxe1 31. Nxe1 h5 32. Qc3 h4 33. Nf3 Qxg3+ 0-1

[Event "Challenge"]
[Site "http://www.queenalice.com/game.php?id=566988"]
[Date "2009.4.4"]
[Round "-"]
[White "naugard12"]
[Black "LEPARY"]
[Result "1-0"]
[WhiteElo "1496"]
[BlackElo "1406"]

1. e4 e5 2. d4 exd4 3. Qxd4 Nc6 4. Qd5 Nf6 5. Qd3 Bb4+ 6. c3 Bd6 7. Bg5 h6 8.
Bh4 O-O 9. Nf3 Ne5 10. Nxe5 Bxe5 11. Be2 d6 12. O-O a5 13. a4 Qe8 14. f4 Bxc3
15. Nxc3 Ra6 16. Bxf6 gxf6 17. Qg3+ Kh7 18. f5 Rg8 19. Qf4 Rb6 20. Rf3 Rg5 21.
Nd5 Qe5 22. Qxe5 dxe5 23. Nxb6 cxb6 24. Bb5 1-0

[Event "Challenge"]
[Site "http://www.queenalice.com/game.php?id=578972"]
[Date "2009.4.27"]
[Round "-"]
[White "kaktusIII"]
[Black "naugard12"]
[Result "1-0"]
[WhiteElo "1539"]
[BlackElo "1523"]

1. c4 e5 2. a3 Nf6 3. Nc3 e4 4. Qc2 Qe7 5. d3 exd3 6. Qxd3 c6 7. Bg5 Qc5 8. Bxf6
gxf6 9. e3 d6 10. b4 Qh5 11. Be2 Bg4 12. f3 Bf5 13. e4 Be6 14. f4 Qg6 15. Bf3
Nd7 16. f5 Ne5 17. Qe2 Bxc4 18. fxg6 Bxe2 19. Bxe2 hxg6 20. Nf3 O-O-O 21. O-O
Bg7 22. Rad1 Ng4 23. Rd3 Bh6 24. Ng5 Bxg5 25. Bxg4+ Kb8 26. a4 Rhe8 27. b5 c5
28. a5 b6 29. axb6 axb6 30. Ra1 Kb7 31. Ra6 Ra8 32. Bd7 Rxa6 33. bxa6+ Ka7 34.
Nb5+ Kxa6 35. Bxe8 Bf4 36. g3 Be5 37. Bc6 g5 38. Ra3# 1-0

[Event "Challenge"]
[Site "http://www.queenalice.com/game.php?id=590487"]
[Date "2009.5.18"]
[Round "-"]
[White "naugard12"]
[Black "kaktusIII"]
[Result "1-0"]
[WhiteElo "1523"]
[BlackElo "1591"]

1. c3 e5 2. e4 c5 3. Nf3 d6 4. Bc4 h6 5. Qb3 Qc7 6. Bb5+ Bd7 7. c4 a6 8. Qa3 Nc6
9. Nc3 Nb4 10. Qa4 Nd3+ 11. Ke2 Nxc1+ 12. Rhxc1 Nf6 13. Kf1 Be7 14. Nh4 O-O 15.
Bxd7 b5 16. Bxb5 axb5 17. Qb3 b4 18. Nb5 Qb7 19. f3 Nxe4 20. Qe3 f5 21. fxe4
fxe4+ 22. Kg1 Bxh4 23. Rf1 Bg5 24. Qe2 Rf6 25. Rxf6 Bxf6 26. Nxd6 Qc6 27. Nxe4
Rd8 28. d3 b3 29. a3 Rd4 30. Qd1 Qb6 31. h3 Bg5 32. Qe2 Rd7 33. Rf1 Bf4 34. h4
Rd4 35. g3 Rxe4 36. dxe4 Qg6 37. g4 h5 38. g5 Bg3 39. Qf3 Bxh4 40. Qf5 Qxg5+ 41.
Qxg5 Bxg5 42. Rf3 Bf6 43. a4 Kf7 44. a5 1-0

[Event "Challenge"]
[Site "http://www.queenalice.com/game.php?id=601412"]
[Date "2009.6.10"]
[Round "-"]
[White "naugard12"]
[Black "kaktusIII"]
[Result "0-1"]
[WhiteElo "1557"]
[BlackElo "1570"]

1. c4 e5 2. e4 Bb4 3. a3 Ba5 4. b4 c5 5. bxa5 Qxa5 6. Nc3 Nf6 7. Nf3 d6 8. h3 a6
9. Bd3 Nc6 10. O-O h6 11. Bb2 Bd7 12. Nd5 Nxd5 13. exd5 Nd4 14. Bxd4 cxd4 15.
Be4 f5 16. Bc2 g5 17. Re1 O-O-O 18. d3 Rdf8 19. h4 Qd8 20. g3 gxh4 21. Kf1 hxg3
22. fxg3 f4 23. gxf4 Rxf4 24. Re4 Rhf8 25. Rxf4 Rxf4 26. Kg2 Bg4 27. Qe2 Qg8 28.
Kf2 Bxf3 29. Qxf3 Qg5 30. Rh1 Rxf3+ 31. Kxf3 Qe3+ 0-1

[Event "Challenge"]
[Site "http://www.queenalice.com/game.php?id=620173"]
[Date "2009.7.16"]
[Round "-"]
[White "kaktusIII"]
[Black "naugard12"]
[Result "0-1"]
[WhiteElo "1587"]
[BlackElo "1557"]

1. e4 c5 2. h3 e5 3. Bc4 Nf6 4. d3 a6 5. Nc3 Nc6 6. Nge2 h6 7. Be3 d6 8. Ng3 Na5
9. Nd5 Nxc4 10. dxc4 Be6 11. O-O Be7 12. f4 exf4 13. Bxf4 Bxd5 14. exd5 Qb6 15.
Qe2 O-O-O 16. Qxe7 Rd7 17. Qe3 Qxb2 18. Rf2 Qxa1+ 0-1

[Event "Challenge"]
[Site "http://www.queenalice.com/game.php?id=625615"]
[Date "2009.7.27"]
[Round "-"]
[White "naugard12"]
[Black "kaktusIII"]
[Result "0-1"]
[WhiteElo "1574"]
[BlackElo "1571"]

1. c4 e5 2. e4 Bc5 3. Nf3 Bd4 4. Nxd4 exd4 5. Qa4 c5 6. Qb5 Na6 7. g3 Ne7 8. Bg2
Nc6 9. O-O d6 10. Qb3 Ne5 11. a3 O-O 12. f4 Ng6 13. f5 Ne5 14. d3 f6 15. Qd1 Bd7
16. Bf4 b5 17. b3 Rb8 18. Nd2 Rb6 19. Nf3 Qb8 20. Bxe5 dxe5 21. Rb1 h6 22. Nh4
Be8 23. Bf3 Rf7 24. Bh5 Rfb7 25. Bxe8 Qxe8 26. Qc2 bxc4 27. Qxc4+ Kh7 28. Ng6
Qb8 29. Rb2 Qd6 30. g4 Nb8 31. Rf3 Nc6 32. Rh3 Na5 33. Qa4 Nxb3 34. Rf3 Nc1 35.
Rxb6 Rxb6 36. Qc4 Ne2+ 37. Kg2 Nf4+ 38. Nxf4 exf4 39. h4 Rb2+ 40. Rf2 f3+ 41.
Kxf3 Rxf2+ 42. Kxf2 Qf4+ 43. Ke1 Qxg4 44. Qxc5 Qxh4+ 45. Ke2 Qg4+ 46. Kf2 Qf4+
47. Kg2 Qd2+ 48. Kh3 Qxd3+ 49. Kh4 Qxe4+ 0-1

[Event "Challenge"]
[Site "http://www.queenalice.com/game.php?id=642737"]
[Date "2009.8.26"]
[Round "-"]
[White "kaktusIII"]
[Black "naugard12"]
[Result "1-0"]
[WhiteElo "1587"]
[BlackElo "1562"]

1. c4 e5 2. a3 Bc5 3. d3 Nc6 4. Nf3 Nf6 5. Nbd2 O-O 6. e3 Re8 7. b4 Bb6 8. c5 d5
9. cxb6 axb6 10. Bb2 b5 11. h3 d4 12. Be2 dxe3 13. fxe3 Nd5 14. Kf2 Qf6 15. Ne4
Qh6 16. Qd2 f6 17. g4 Qg6 18. Nh4 Qf7 19. Raf1 Qe7 20. Ke1 Rf8 21. Rh2 Bd7 22.
Rhf2 g6 23. Nc5 Bc8 24. Bf3 Qd6 25. Bxd5+ Qxd5 26. e4 Qd6 27. Rg1 b6 28. Nb3 Be6
29. Nc1 Qe7 30. Nf3 Rad8 31. Ne2 Na7 32. d4 c5 33. d5 c4 34. Nc3 Qe8 35. Rgf1
Qe7 36. Qh6 Bc8 37. d6 Qg7 38. Qd2 Qd7 39. Qd5+ Qf7 40. Qd2 Bb7 41. Nxe5 Qe6 42.
Nd5 fxe5 43. Rxf8+ Rxf8 44. Rxf8+ Kxf8 45. Qh6+ Kg8 46. Ne7+ Kh8 47. Qf8+ 1-0

[Event "Challenge"]
[Site "http://www.queenalice.com/game.php?id=656979"]
[Date "2009.9.23"]
[Round "-"]
[White "naugard12"]
[Black "kaktusIII"]
[Result "0-1"]
[WhiteElo "1547"]
[BlackElo "1602"]

1. e4 e5 2. g3 Nc6 3. Nc3 Bb4 4. a3 Bxc3 5. dxc3 a6 6. Bc4 d6 7. Qh5 g6 8. Qf3
Be6 9. Bxe6 fxe6 10. Nh3 h6 11. Qg4 Qf6 12. Be3 O-O-O 13. O-O-O Nge7 14. Rd2 Kb8
15. Ng1 g5 16. Nf3 Rd7 17. Rhd1 h5 18. Qxg5 Qxf3 19. Qg7 Rdd8 20. Qg5 Rdg8 21.
Qh4 Rg4 22. Qh3 Rxe4 23. Qf1 Rf8 24. h4 Nf5 25. Bg5 Nxg3 26. Qd3 Ne2+ 27. Kb1
Qxd3 28. cxd3 Nxc3+ 29. bxc3 Rg4 30. Rf1 Rf3 31. Rc1 b5 32. Ka2 Kb7 33. Rb1 e4
34. c4 Kb6 35. cxb5 axb5 36. a4 b4 37. d4 Ra3+ 38. Kb2 d5 39. Kc1 Rg2 40. Bf4
Rxa4 0-1

[Event "Challenge"]
[Site "http://www.queenalice.com/game.php?id=666784"]
[Date "2009.10.13"]
[Round "-"]
[White "kaktusIII"]
[Black "naugard12"]
[Result "1-0"]
[WhiteElo "1618"]
[BlackElo "1523"]

1. f4 d5 2. h3 Nf6 3. Nf3 a6 4. d3 d4 5. e3 dxe3 6. Bxe3 c6 7. Nc3 e6 8. Qd2
Nbd7 9. d4 Nb6 10. Bd3 Nfd5 11. O-O h6 12. a3 Bd6 13. Ne5 Bxe5 14. Nxd5 Bd6 15.
Nc3 f5 16. Rf3 Qf6 17. Re1 Bd7 18. b4 O-O 19. Ne2 Be8 20. c4 Bc7 21. Nc3 Bh5 22.
g4 fxg4 23. hxg4 Bxg4 24. Rf2 Qh4 25. Rg2 Nd7 26. Bf2 Qh5 27. Bg3 Bf5 28. Re3
Rae8 29. Be2 Qg6 30. Qd1 Nf6 31. Bh4 Qf7 32. Reg3 g6 33. Bh5 Nxh5 34. Qxh5 Kh7
35. Qe2 Rg8 36. Rf3 Qd7 37. Qd2 Bd8 38. Bf2 Bf6 39. Re3 Rd8 40. Reg3 Bh4 41. Rf3
Bxf2+ 42. Qxf2 Qxd4 43. Ne2 Qd1+ 44. Kh2 Be4 45. Rg1 Qd2 46. Re3 Bf5 47. Rg2 Qc2
48. Rc3 Qd1 49. Ng3 Rd2 50. Qe3 Rgd8 51. Nxf5 Rxg2+ 52. Kxg2 Rd2+ 53. Kg3 Re2
54. Qc1 Qxc1 55. Rxc1 Re3+ 56. Nxe3 1-0

[Event "Challenge"]
[Site "http://www.queenalice.com/game.php?id=687859"]
[Date "2009.11.24"]
[Round "-"]
[White "naugard12"]
[Black "kaktusIII"]
[Result "1-0"]
[WhiteElo "1502"]
[BlackElo "1643"]

1. c4 f5 2. Nc3 Nf6 3. d4 h6 4. f3 e6 5. a3 d5 6. e3 Bd7 7. c5 a6 8. Nh3 b6 9.
cxb6 cxb6 10. Nf4 Kf7 11. Bd3 Bd6 12. O-O Bxf4 13. exf4 b5 14. Bd2 Re8 15. Re1
Bc6 16. a4 b4 17. Ne2 a5 18. Bb5 Bxb5 19. axb5 Nbd7 20. Qb3 Nb6 21. Rec1 Nc4 22.
Be1 Qb6 23. Rc2 Qxb5 24. h3 a4 25. Qxb4 Reb8 26. Qxb5 Rxb5 27. Bc3 Nd7 28. g4 g6
29. Kf2 Kf6 30. h4 g5 31. h5 a3 32. fxg5+ Kxg5 33. Kg3 e5 34. dxe5 f4+ 35. Nxf4
Nc5 36. b4 Rf8 37. Ng6 Ne6 38. Nxf8 Nxf8 39. f4# 1-0

[Event "Challenge"]
[Site "http://www.queenalice.com/game.php?id=707010"]
[Date "2010.1.2"]
[Round "-"]
[White "kaktusIII"]
[Black "naugard12"]
[Result "0-1"]
[WhiteElo "1621"]
[BlackElo "1524"]

1. e4 e5 2. Bc4 Nf6 3. Qf3 c5 4. Nc3 d6 5. h3 h6 6. d3 a6 7. Be3 Nc6 8. Nd5 Be6
9. Nxf6+ Qxf6 10. Qxf6 gxf6 11. Bxe6 fxe6 12. a3 f5 13. g3 Bg7 14. Ne2 Rf8 15.
f4 fxe4 16. fxe5 exd3 17. cxd3 Nxe5 18. O-O-O O-O-O 19. d4 Nc4 20. Bg1 d5 21.
dxc5 Bxb2+ 22. Kc2 Bxa3 23. Rd3 Rf1 24. g4 Bxc5 25. Rd1 Rxd1 26. Kxd1 Bxg1 27.
Rxg1 e5 0-1

[Event "Challenge"]
[Site "http://www.queenalice.com/game.php?id=714947"]
[Date "2010.1.16"]
[Round "-"]
[White "naugard12"]
[Black "kaktusIII"]
[Result "1-0"]
[WhiteElo "1544"]
[BlackElo "1637"]

1. c4 g6 2. e4 c5 3. d4 Bg7 4. d5 d6 5. h3 Nf6 6. Bd3 Nbd7 7. Bf4 Nh5 8. Bc1 Be5
9. g3 e6 10. Nf3 exd5 11. cxd5 Qb6 12. Qd2 Ndf6 13. Nxe5 dxe5 14. Qc3 Qd6 15.
Na3 a6 16. Nc4 Qc7 17. Qxe5+ Qxe5 18. Nxe5 b5 19. Be3 c4 20. Bc2 O-O 21. Bd4 Re8
22. O-O-O Nd7 23. Nc6 Nhf6 24. Rde1 a5 25. f3 Ra6 26. Bxf6 Nxf6 27. a3 Bd7 28.
Nd4 b4 29. g4 bxa3 30. bxa3 Rb6 31. Kd2 c3+ 32. Kxc3 Rc8+ 33. Kd2 Rb2 34. Rb1
Ra2 35. Ra1 Rb2 36. Rhb1 Rxb1 37. Rxb1 Rc4 38. Ke3 Rc3+ 39. Kf4 Rxa3 40. Nb3 Ba4
41. Bd1 Ra2 42. Nc1 Ra3 43. Bxa4 Rxa4 44. Rb5 Ra1 45. Nb3 Rb1 46. Nd4 Rxb5 47.
Nxb5 a4 48. Ke5 Nd7+ 49. Kd6 Nb8 50. Ke7 Na6 51. d6 Nc5 52. d7 Nxd7 53. Kxd7 Kg7
54. g5 f6 55. f4 Kf7 56. Nd6+ Kg7 57. Nc4 Kf7 58. e5 1-0

[Event "Challenge"]
[Site "http://www.queenalice.com/game.php?id=732818"]
[Date "2010.2.16"]
[Round "-"]
[White "Mr_SPOCK"]
[Black "naugard12"]
[Result "0-1"]
[WhiteElo "1568"]
[BlackElo "1564"]

1. e4 e5 2. Qh5 Nf6 3. Qxe5+ Be7 4. d4 Nc6 5. Qg5 O-O 6. Qh4 Nxd4 7. Bd3 d6 8.
c4 c5 9. Nc3 Ng4 10. Qg3 a6 11. Nge2 Bh4 12. Qh3 Nxf2 13. Qe3 Nxh1+ 14. g3 Bg5
15. Qg1 Nf3+ 16. Kd1 Nxg1 17. Nxg1 Nf2+ 18. Kc2 Be6 19. h4 Bh6 20. b3 Nxd3 21.
Kxd3 f5 22. exf5 Bxf5+ 23. Ke2 Qe8+ 24. Kd1 Bg4+ 25. Nce2 Rf1+ 26. Kc2 Bf5+ 27.
Kb2 Qe5+ 28. Nc3 Rf2+ 29. Ka3 Qxc3 30. Ka4 Qb4# 0-1

[Event "Challenge"]
[Site "http://www.queenalice.com/game.php?id=736218"]
[Date "2010.2.22"]
[Round "-"]
[White "kaktusIII"]
[Black "naugard12"]
[Result "1-0"]
[WhiteElo "1630"]
[BlackElo "1580"]

1. d4 d5 2. Nc3 c6 3. Bf4 e6 4. Bxb8 Rxb8 5. a3 Nf6 6. f3 Bd6 7. e4 e5 8. Nge2
O-O 9. Ng3 Re8 10. dxe5 Rxe5 11. Bd3 Bc5 12. Na4 Bd4 13. c3 Be3 14. Qe2 d4 15.
Rf1 c5 16. h3 Qa5 17. Bb5 Bd7 18. Bxd7 Nxd7 19. f4 Re7 20. Nf5 Rxe4 21. Qc2 Re6
22. b4 Qb5 23. c4 Qc6 24. Kd1 Rbe8 25. Nb2 Bxf4 26. Nd3 Re2 27. Re1 Qxg2 28.
Rxe2 Qg1+ 29. Re1 Rxe1+ 30. Nxe1 h6 31. Qg2 Qxg2 32. Nxg2 Bg5 33. h4 Bf6 34. Ra2
b6 35. Nf4 Kh7 36. Nd3 a6 37. Rf2 Nf8 38. h5 g6 39. Nxh6 Kg7 40. bxc5 b5 41.
cxb5 axb5 42. c6 Bd8 43. Rxf7+ Kxh6 44. c7 Bxc7 45. Rxc7 gxh5 46. Rb7 h4 47.
Rxb5 h3 48. Nf2 h2 49. Nh1 1-0

[Event ":("]
[Site "http://www.queenalice.com/game.php?id=739068"]
[Date "2010.2.28"]
[Round "-"]
[White "naugard12"]
[Black "Mr_SPOCK"]
[Result "0-1"]
[WhiteElo "1580"]
[BlackElo "1515"]

1. c4 e5 2. e4 Nc6 3. Nf3 Nf6 4. d3 Bc5 5. h3 O-O 6. a3 a5 7. Nc3 Nd4 8. Nxe5
Qe7 9. Bf4 d6 10. Nf3 Ne6 11. Bg3 Nd4 12. Bh4 a4 13. Nd5 Qe6 14. Nxc7 Qe7 15.
Nxa8 b5 16. cxb5 Bb7 17. Nc7 Qxc7 18. Bxf6 gxf6 19. Qxa4 Bb6 20. Nxd4 Bxd4 21.
Qxd4 Qa5+ 22. b4 Qd8 23. Be2 f5 24. exf5 Bxg2 25. Rg1 Qg5 26. Qxd6 Rd8 27. Qe5
Kf8 28. Qh2 Qf6 29. Rd1 Qc3+ 30. Rd2 Qc1+ 31. Bd1 Re8+ 0-1

[Event ":)"]
[Site "http://www.queenalice.com/game.php?id=742115"]
[Date "2010.3.6"]
[Round "-"]
[White "Mr_SPOCK"]
[Black "naugard12"]
[Result "0-1"]
[WhiteElo "1626"]
[BlackElo "1561"]

1. e4 e5 2. Nf3 Nc6 3. Bc4 Nf6 4. Ng5 d5 5. exd5 Nxd5 6. Ne4 Nf4 7. Bxf7+ Kxf7
8. d3 Be7 9. Bxf4 exf4 10. Qf3 Rf8 11. Qxf4+ Kg8 12. Qe3 Nd4 13. O-O Nxc2 14.
Qc1 Nxa1 15. Ng3 b6 16. Nh5 Bg4 17. Nxg7 Kxg7 18. Qc3+ Bf6 19. d4 Qd7 20. Rd1
Bxd1 21. h3 Rae8 22. Qg3+ Kh8 23. Nd2 Bxd4 24. Nf3 Bxf3 25. b4 Bxg2 26. Kh2 Be5
27. Kxg2 Bxg3 28. Kxg3 Qg7+ 29. Kh2 Rxf2+ 30. Kh1 Re1# 0-1

[Event "Challenge"]
[Site "http://www.queenalice.com/game.php?id=745812"]
[Date "2010.3.13"]
[Round "-"]
[White "naugard12"]
[Black "Mr_SPOCK"]
[Result "0-1"]
[WhiteElo "1566"]
[BlackElo "1532"]

1. c4 e5 2. e4 Bc5 3. Nf3 d6 4. h3 Nc6 5. Qa4 Ne7 6. a3 O-O 7. Nc3 Ng6 8. d3 Bd7
9. Qb5 Nd4 10. Qa5 Nc2+ 11. Kd1 Nxa1 12. Ke2 Nf4+ 13. Bxf4 exf4 14. Nd5 b6 15.
Qc3 a5 16. g4 fxg3 17. fxg3 a4 18. Bg2 Nb3 19. Re1 g5 20. g4 f6 21. d4 Nxd4+ 22.
Nxd4 c6 23. Ne3 b5 24. cxb5 Bb6 25. bxc6 Ba5 26. Qc4+ Kh8 27. Rf1 Bc8 28. Rc1
Ba6 29. Nb5 Bc7 30. Qd5 Bxb5+ 31. Qxb5 Rb8 32. Qxa4 Rxb2+ 33. Rc2 Rxc2+ 34. Nxc2
Re8 35. Ne3 d5 36. Qd4 Be5 37. Qd3 d4 38. Nd5 Qb8 39. c7 Qb2+ 40. Kf3 Rc8 41.
Bf1 Bxc7 42. Nxf6 Be5 43. Nd5 Rf8+ 0-1

[Event "Challenge"]
[Site "http://www.queenalice.com/game.php?id=746562"]
[Date "2010.3.15"]
[Round "-"]
[White "naugard12"]
[Black "kaktusIII"]
[Result "0-1"]
[WhiteElo "1549"]
[BlackElo "1646"]

1. e4 c5 2. d4 cxd4 3. Qxd4 Nc6 4. Qc3 e5 5. Bd2 Bb4 6. Qg3 g6 7. a3 Bc5 8. Nc3
Nf6 9. O-O-O Qe7 10. Be2 Nd4 11. h3 Bxa3 12. Nd5 Nxe2+ 13. Nxe2 Nxd5 14. exd5
Bc5 15. Bc3 d6 16. Rhe1 Bf5 17. Qf3 Qc7 18. g4 Bd7 19. Nf4 O-O-O 20. Nd3 f5 21.
Bb4 e4 22. Qf4 exd3 23. Rxd3 Bb5 24. Rc3 Kb8 25. Bxc5 dxc5 26. Qxc7+ Kxc7 27.
Rxc5+ Kb6 28. b4 Rhe8 29. Rd1 Re4 30. c3 a6 31. f3 Rf4 32. gxf5 Rxf5 33. Rh1
Rdxd5 34. Rxd5 Rxd5 35. Kb2 Bc4 36. Rb1 Kb5 37. h4 Rd2+ 38. Ka1 Rd3 39. Rc1 Rxf3
40. Kb2 Rh3 41. Ra1 Rxh4 0-1